| 000 | 00749nam a2200217 a 4500 | ||
|---|---|---|---|
| 001 | BRCA_2169 | ||
| 005 | 20190320203710.0 | ||
| 008 | 841016s1983 mx-a---##b---f001-0bspa-# | ||
| 020 | _a9685803811 | ||
| 040 |
_aDLC _cDLC _dDLC |
||
| 050 | 4 |
_aND259 _b.L46 1983 |
|
| 100 | 1 |
_aLeonardini, Nanda _96547 |
|
| 245 | 1 | 0 |
_aEl pintor Santiago Rebull _bsu vida y su obra, (1829-1902) _cNanda Leonardini. |
| 260 |
_aMéxico _bUNAM, Dirección General de Extensión Académica _c1983 |
||
| 300 |
_a253 p. _bil. (algunas a color), [87] p. de láminas _c24 cm. |
||
| 500 | _aIncluye índice onomástico | ||
| 504 | _aBibliografía : p. 225-236 | ||
| 600 | 1 | 4 |
_aRebull, Santiago _d1829-1902 _96548 |
| 650 | 1 | 4 |
_aPintores _vBiografías _zMéxico _92354 |
| 942 |
_2lcc _cB |
||
| 999 |
_c1925 _d1925 |
||